| 000 | 00441nam a22001697a 4500 | ||
|---|---|---|---|
| 003 | CEME | ||
| 005 | 20210628205209.0 | ||
| 008 | 210215b xxu||||| |||| 00| 0 eng d | ||
| 020 | _a3-52-29356-6 | ||
| 040 | _c. | ||
| 082 | _a620.14 PRO'B | ||
| 100 |
_aNewyork _974380 |
||
| 245 | _aMaterials science and technology processing of ceramics part-i&ii | ||
| 260 |
_aNEWYORK _bVCH _c1996 |
||
| 300 | _a2 VOLS 17 A AND 17 B | ||
| 942 |
_cBK _2ddc |
||
| 999 |
_c579916 _d579916 |
||